| Tag |
First Indicator |
Second Indicator |
Subfields |
| LEADER |
00000cam a2200000 a 4500 |
| 001 |
in00000725329 |
| 005 |
20151016083334.0 |
| 008 |
880713s1988 enkb b 00110 grc d |
| 010 |
|
|
|a gb 88023726
|
| 015 |
|
|
|a GB88-23726
|
| 020 |
|
|
|a 0856683965 (cased) :
|c £28.00
|
| 020 |
|
|
|a 0856683973 (pbk) :
|c £9.95
|
| 035 |
|
|
|a (OCoLC)17775288
|
| 035 |
|
|
|9 ADG7939AM
|
| 040 |
|
|
|a UKM
|c UKM
|d TXA
|d UtOrBLW
|
| 041 |
0 |
|
|a grc
|a eng
|
| 043 |
|
|
|a e-gr---
|
| 049 |
|
|
|a TXAM
|c [A11602105]
|
| 050 |
1 |
0 |
|a DF229.35
|
| 050 |
|
4 |
|a DF229.35
|b .T58 1988
|
| 082 |
0 |
|
|a 938/.05
|2 19
|
| 100 |
0 |
|
|a Thucydides.
|
| 240 |
1 |
0 |
|a History of the Peloponnesian War.
|n Book 2
|
| 245 |
1 |
0 |
|a Thucydides, history II /
|c edited with translation and commentary by P.J. Rhodes.
|
| 264 |
|
1 |
|a Warminster :
|b Aris & Phillips,
|c [1988]
|
| 264 |
|
4 |
|c ©1988
|
| 300 |
|
|
|a ix, 2 unnumbered pages, 282 pages :
|b maps ;
|c 21 cm.
|
| 336 |
|
|
|a text
|b txt
|2 rdacontent
|
| 337 |
|
|
|a unmediated
|b n
|2 rdamedia
|
| 338 |
|
|
|a volume
|b nc
|2 rdacarrier
|
| 500 |
|
|
|a Parallel Greek text and English translation.
|
| 504 |
|
|
|a Bibliography: pages vii-ix.
|
| 500 |
|
|
|a Includes index.
|
| 651 |
|
0 |
|a Greece
|x History
|y Peloponnesian War, 431-404 B.C.
|
| 700 |
1 |
|
|a Rhodes, P. J.
|q (Peter John),
|d 1940-
|
| 999 |
|
|
|a MARS
|
| 999 |
f |
f |
|s ae92cbca-141b-35fe-a32c-2d1cf371d35d
|i be1b5bba-5b52-3556-8ca2-f36ad2a6fdfb
|t 0
|
| 952 |
f |
f |
|p ric
|a Texas A&M University
|b Rellis Campus
|c Joint Library Facility
|d Remote Storage
|t 0
|e DF229.35 .T58 1988
|h Library of Congress classification
|i unmediated -- volume
|m A14811602105
|
| 998 |
f |
f |
|a DF229.35 .T58 1988
|t 0
|l Remote Storage
|